| 000 | 00391nam a2200169Ia 4500 | ||
|---|---|---|---|
| 003 | STCL | ||
| 008 | 181203s9999 xx 000 0 und d | ||
| 020 | _a9780099479154 | ||
| 040 |
_aSTCL _bEN _cSTCL |
||
| 082 | _222 | ||
| 100 | _aCoetzee, J.M. | ||
| 245 | 0 | _aLife and Times of Michael K | |
| 260 |
_bVintage Books _aLondon _c2004 |
||
| 300 | _a184 | ||
| 546 | _aEnglish | ||
| 942 |
_2ddc _cBK |
||
| 999 |
_c87038 _d87038 |
||